| 000 | 00000nam 2200000za 4500 |
| 001 | 9.836096 |
| 003 | CaOODSP |
| 005 | 20221107150822 |
| 007 | cr ||||||||||| |
| 008 | 170502s2016 onc #o f000 0 fre d |
| 040 | |aCaOODSP|bfre |
| 043 | |an-cn--- |
| 086 | 1 |aEn4-304/2016F-PDF |
| 245 | 03|aLe tableau des tests de toxicité sublétale |h[ressource électronique]. |
| 260 | |a[Ottawa] : |bEnvironnement Canada, |c[2016] |
| 300 | |a[29] p. |
| 500 | |aPubli. aussi en anglais sous le titre : Sublethal toxicity test checklists. |
| 500 | |a« 2005 to 2016 ». |
| 692 | 07|2gccst|aToxicologie |
| 710 | 1 |aCanada. |bEnvironnement Canada. |
| 775 | 08|tSublethal toxicity test checklists |w(CaOODSP)9.836094 |
| 795 | |t[Le tableau des tests de toxicité sublétale] |w(CaOODSP)9.837688 |
| 856 | 40|qPDF|s557 Ko|uhttps://publications.gc.ca/collections/collection_2017/eccc/En4-304-2016-fra.pdf |